000
00238nam a22000977a 4500
008
160510b xxu||||| |||| 00| 0 eng d
041
_a
eng
080
_a
61
245
_a
Interactive genetics:
_c
Lianna Johnson; John Merriam;
942
_2
udc
_c
BK
999
_c
2010
_d
2010